000
00282nam a22001217a 4500
999
_c
153978
_d
153978
082
_a
_b
100
_a
Sandeep Ranbhirker
245
_a
Adhunikta bodh aur Usha Priyamvada/
_c
by Sandeep Ranbhirker.
260
_a
_b
Abhaya,
_c
2013.
300
_a
272p.
650
_a
942
_c
BK